| 000 | 01573nam a2200265 a 4500 | ||
|---|---|---|---|
| 008 | 120416s1983 ||||||||||||||||| || u | ||
| 020 | _a0070715696 | ||
| 050 | _aHD 4138 Mon | ||
| 100 | _aMonsen, R. Joseph | ||
| 245 | 1 | 0 | _aNationalized companies |
| 246 | _aa threat to American business | ||
| 260 |
_aNew York : _bMcGraw-Hill _c1983. |
||
| 300 | _axiii, 178p. : ill | ||
| 350 | _a0.00 | ||
| 500 | _aBibliography. | ||
| 650 | 0 | _aBUSINESS | |
| 650 | _aGovernment business enterprises-- Europe | ||
| 700 | _aWalters, Kenneth D | ||
| 995 |
_aANNEX COLLECTION (Main Library) _D0.00 _e713075 _FCBU-MAIN LIBRARY (Kitwe) _H5 _I17.95 _jHD 4138 Mon _M5 _UAVAILABLE _WJun 27, 2006 _y004173 _ZAnnex Low-Usage Collection |
||
| 995 |
_aANNEX COLLECTION (Main Library) _D0.00 _e713076 _FCBU-MAIN LIBRARY (Kitwe) _H3 _I17.95 _jHD 4138 Mon _M3 _UAVAILABLE _WJun 27, 2006 _y004172 _ZAnnex Low-Usage Collection |
||
| 995 |
_aANNEX COLLECTION (Main Library) _D0.00 _e710484 _FCBU-MAIN LIBRARY (Kitwe) _H4 _I17.95 _jHD 4138 Mon _M4 _UAVAILABLE _WJun 27, 2006 _y004171 _ZAnnex Low-Usage Collection |
||
| 995 |
_aANNEX COLLECTION (Main Library) _D0.00 _e710483 _FCBU-MAIN LIBRARY (Kitwe) _H6 _I17.95 _jHD 4138 Mon _M6 _UAVAILABLE _WJun 27, 2006 _y004170 _ZAnnex Low-Usage Collection |
||
| 995 |
_aANNEX COLLECTION (Main Library) _D0.00 _e710481 _FCBU-MAIN LIBRARY (Kitwe) _H2 _I17.95 _jHD 4138 Mon _M1 _UAVAILABLE _y004174 _ZAnnex Low-Usage Collection |
||
| 995 |
_aANNEX COLLECTION (Main Library) _D0.00 _e710482 _FCBU-MAIN LIBRARY (Kitwe) _H1 _I17.95 _jHD 4138 Mon _M2 _UAVAILABLE _WJun 27, 2006 _y004169 _ZAnnex Low-Usage Collection |
||
| 999 |
_c78727 _d78727 |
||